LEADER 01118nam a2200265 u 4500 001 000000033378 003 CaOOAMICUS 005 20101207104559.0 008 971103s1986 vc u000 u ita u 035 $a10775075 040 $aPUL(R)$bita 100 1 $aMarsili, Salvatore,$cO.S.B.,$d1910-1983.$0(OLS)http://pul/name/452 245 10$aMistero di Cristo e liturgia nello spirito /$cSalvatore Marsili ; a cura di Maria Anselma Abignente. 260 $aCittà del Vaticano :$bLibreria editrice vaticana,$cc1986. 300 $a243 p. ;$c20 cm 490 1 $aTeologia sapienziale ;$v1 500 $aIndici: p. [235]-243. 504 $aBibliografia in nota. 830 0$aTeologia sapienziale ;$v1.$0(OLS)http://pul/title/45965 850 $aPUL 852 $aPUL$W1$xSL Religione 1$y3$m12 D 106$j45849$nBK-PRI$b $qStampati$B45849$CPULBib$Z2$F45849 $H $81 941 1 $a8 961 $aINV: 55541. 996 $6245$aMistero di Cristo e liturgia nello spirito$9(OLS)http://pul/title/45964 996 $6260$aCittà del Vaticano :$bLibreria editrice vaticana$9(OLS)http://pul/publisher/47920 LEADER 01806nam a2200349 a 4500 001 000000137755 003 CaOOAMICUS 005 20140313133732.0 008 140313s2013 it u000 u ita r 020 $a978-88-343-2641-1 040 $aPUL$bita 110 2 $aUniversità Cattolica del Sacro Cuore.$bAtti del convegno$d(2011 :$cMilano).$0(OLS)http://pul/name/82887 245 11$a"Non lamento, ma azione" :$bi cattolici e lo sviluppo italiano nei 150 anni di storia unitaria: atti del convegno di studi: Università Cattolica del Sacro Cuore, Milano 24-25 novembre 2011 /$ca cura di Maria Bocci. 260 $aMilano :$bV&P,$c©2013. 300 $a387 p. ;$c22 cm 490 1 $aStoria. Ricerche 490 1 $aVita e pensiero. Università 650 4$aCattolici italiani$xAttività politica$ySec. XIX-XX.$0(OLS)http://pul/subject/19052 700 1 $aBocci, Maria.$0(OLS)http://pul/name/75907 830 0$aUniversità (Vita e Pensiero).$0(OLS)http://pul/title/154439 830 0$aRicerche (Vita e Pensiero).$pStoria.$0(OLS)http://pul/title/174438 850 $aPUL 852 $aPUL$W1$xDP1 Cons. Gen., Altre Classi 1$y22$m389 C 59$j158798$qStampati$B158321$CPULBib$Z2$F158321 $H123715 $82 941 1 $a8 983 0$aVita e pensiero.$pUniversità. 983 0$aV & P. Università. 983 0$aStoria.$pRicerche (Vita e pensiero) 983 0$aV & P. Storia. Ricerche. 996 $6020$a978-88-343-2641-1$9(OLS)http://pul/number/154817 996 $6245$a"Non lamento, ma azione" :$bi cattolici e lo sviluppo italiano nei 150 anni di storia unitaria: atti del convegno di studi: Università Cattolica del Sacro Cuore, Milano 24-25 novembre 2011$9(OLS)http://pul/title/174432 996 $6260$aMilano :$bV&P$9(OLS)http://pul/publisher/78336